Statistics for Former NHL Teams

Click here to take the quiz!

General Stats

  • This quiz has been taken 41 times
  • The average score is 13 of 19

Answer Stats

Years PlayedAnswer% Correct
1999-2011Atlanta Thrashers
92%
1967-1993Minnesota North Stars
86%
1979-1995Quebec Nordiques
86%
1967-1976California Golden Seals
81%
1979-1997Hartford Whalers
81%
1924-1938Montreal Maroons
78%
1979-1996Winnipeg Jets
76%
1972-1980Atlanta Flames
73%
1976-1978Cleveland Barons
65%
1976-1982Colorado Rockies
62%
1974-1976Kansas City Scouts
62%
1925-1942New York Americans
62%
1917-1934Ottawa Senators
59%
1917-1918Montreal Wanderers
57%
1925-1930Pittsburgh Pirates
54%
1919-1920Quebec Bulldogs
54%
1920-1925Hamilton Tigers
51%
1930-1931Philadelphia Quakers
46%
1934-1935St. Louis Eagles
41%

Score Distribution

Percentile by Number Answered

Percent of People with Each Score

Your Score History

You have not taken this quiz